000 00868nam a2200277 i 4500
003 DO-SdBNP
005 20230502150620.0
007 ta
008 210617e2017 dr ||||er|||| 001 pdspa d
020 _a9789945609288
040 _aDO-SdBNP
_bspa
_cBNPHU
_erda
082 4 _bR696d
_222
100 1 _aRodríguez Castro, Duleidys,
_d1982 -
_978889
245 1 0 _aDiré Fuego /
_cDuleidys Rodríguez Castro
264 _aSanto Domingo :
_bSantuario,
_c2017.
300 _a40 páginas;
_c22 cm.
336 _2rdacontent
_atexto
_btxt
337 _2rdamedia
_asin mediación
_bn
338 _2rdacarrier
_avolumen
_bnc
500 _aIncluye datos biográficos de la autora en la solapa de la cubierta.
590 _aInventariado 2021/MF
650 4 _981340
_aLiteratura dominicana
_vPoesía
650 4 _977972
_aPoesías dominicanas
910 _aMFeliz
942 _2ddc
_cLF2
999 _c49944
_d49944